00778nam a2200217 a 450000100100000000500170001000800410002702000150006804000250008308200190010810000170012724501490014426000740029330000270036765000370039465000260043165000260045765000280048370000190051170000300053000002275920250717131055.0100915s1982 xxu 000 0 spa d a0311114490 aDO-SdBNPbspacBNPHU a268.433bH866m1 aHowse, W. L.10aMejor enseñanza bíblica para maestros de jovenes /cW. L. Howse; José Rivas traducción, revisión y adaptación Jorge Enriquez Díaz. aEstados Unidos de América :bCasa Bautista de Publicaciones,c1982. a96 p. :bil. ;c18 cm. 4aEducación cristiana de jovenes 4aEducación cristiana 0aEducación religiosa 4aTeologíaxEnseñanza1 aRivas, José.1 aDíaz F., Jorge Enriquez